000
00275nam a2200109Ia 4500
008
190914s9999||||xx |||||||||||||| ||und||
100
_a
Dr. Ikramul Haq
245
0
_a
Practical Handbook of Income Tax
260
_a
New Delhi
_b
Addison -Wesley
_c
1993
300
_a
287
942
_c
BK
999
_c
9033
_d
9033